| 000 | 00000nam 2200000zi 4500 |
| 001 | 9.867804 |
| 003 | CaOODSP |
| 005 | 20221107162417 |
| 006 | m o d f |
| 007 | cr ||||||||||| |
| 008 | 190130s1959 onc ot f|0| 0 eng d |
| 040 | |aCaOODSP|beng|erda|cCaOODSP |
| 041 | |aeng|bfre |
| 043 | |an-cn--- |
| 086 | 1 |aM38-1/53-1959E-PDF |
| 100 | 1 |aDibbs, H. P., |eauthor. |
| 245 | 10|aSurface area determination of magnesium powder with chromium-51 tracer solutions / |cby H. P. Dibbs. |
| 264 | 1|aOttawa, Ontario : |bDepartment of Mines and Technical Surveys, |c1959. |
| 300 | |a1 online resource (iii, 16 pages) |
| 336 | |atext|btxt|2rdacontent |
| 337 | |acomputer|bc|2rdamedia |
| 338 | |aonline resource|bcr|2rdacarrier |
| 490 | 1 |aMines Branch Research Report ; |vR 53 |
| 500 | |a"October 8, 1959." |
| 504 | |aIncludes bibliographic references. |
| 520 | |a"A study has been made of the adsorption of chromium-51, from aqueous solutions of labelled potassium dichromate, on to coarse magnesium powder at room temperature. This has led to a simple method for the determination of the surface area of the powder"--Synopsis, p. i. |
| 546 | |aIncludes abstract in French. |
| 692 | 07|2gccst|aChemicals |
| 710 | 1 |aCanada. |bDepartment of Mines and Technical Surveys. |
| 710 | 1 |aCanada. |bMines Branch. |
| 830 | #0|aResearch report (Canada. Mines Branch)|vR 53.|w(CaOODSP)9.855660 |
| 856 | 40|qPDF|s1.90 MB|uhttps://publications.gc.ca/collections/collection_2019/rncan-nrcan/m38-1/M38-1-53-1959-eng.pdf |